000 00838nas a2200289 4500
001 BR2010004421
003 BR-BrBNA
005 20231205114738.0
007 ta
008 230509b bl.|||p| |||| 00| 00por d
040 _aBR-BrBNA
_bpor
_cBiblioteca Nacional de Agricultura
041 _a(Pt)
072 _aF02
100 1 _aDaneluz, S.
100 1 _aPio, R.
100 1 _aChagas, E.A.
100 1 _aBarbosa, W.
100 1 _aOhland, T.
100 1 _aKotz, T.E.
245 1 _aPropagação da figueira Roxo de Valinhos por alporquia
650 _aFIGO
650 _aPROPAGAÇÃO VEGETATIVA
650 _aÁCIDO INDOLBUTÍRICO
773 0 _tRevista Brasileira de Fruticultura (Brazil)
_xISSN 0100 2945
_g(Mar 2009), v. 31(1) p. 285-290
_wBR2010004421
909 _a202311
_bLúcia
_c55
_dLúcia Elande
942 _2AGRIS
_n0
_cANA
999 _c210267
_d210267